000 00407nam a2200133Ia 4500
008 220217s9999||||xx |||||||||||||| ||und||
020 _a81-7808-800-2
082 _a621.381 5 NIL
100 _aNilsson, James, W Riedel, Susan, A
245 0 _aIntruductory circuits for electrical and computer engineerin
260 _aPearson education asia
_bNew Delhi
_c2002
300 _b275
650 _aCIRCUITRY
999 _c170814
_d170814